Rynek i konsumpcja problemy organizacji i zarzadzania rynkiem

Saved in:
Bibliographic Details
Format: Book
Language:Polish
Published: Wroclaw Akademia Ekonomiczna 1982
Series:Prace naukowe Nr. 214
Tags: Add Tag
No Tags, Be the first to tag this record!

MARC

LEADER 00000nam a2200000 4500
001 c133913
005 20150303135738.2
041 0 |a pol 
044 |a PL 
245 1 0 |a Rynek i konsumpcja  |b problemy organizacji i zarzadzania rynkiem 
264 1 |a Wroclaw  |b Akademia Ekonomiczna  |c 1982 
300 |a 253 s. 
490 1 |a Prace naukowe  |v Nr. 214 
830 0 |a Prace naukowe  |v Nr. 214